| 000 -LEADER |
| fixed length control field |
00782pab a2200169 454500 |
| 008 - FIXED-LENGTH DATA ELEMENTS--GENERAL INFORMATION |
| fixed length control field |
180718b2003 xxu||||| |||| 00| 0 eng d |
| 100 ## - MAIN ENTRY--PERSONAL NAME |
| Personal name |
Bhattacharyya, B. |
| 245 ## - TITLE STATEMENT |
| Title |
Perspectives on India's foreign trade |
| 260 ## - PUBLICATION, DISTRIBUTION, ETC. |
| Date of publication, distribution, etc. |
2003 |
| 300 ## - PHYSICAL DESCRIPTION |
| Extent |
p.54-57. |
| 362 ## - DATES OF PUBLICATION AND/OR SEQUENTIAL DESIGNATION |
| Dates of publication and/or sequential designation |
Jan |
| 520 ## - SUMMARY, ETC. |
| Summary, etc. |
2002 is a critical year for India's foreign trade. This is the first year of the new EXIM policies for the five year period 2002-2007. This policy is coterminus with the 10th Five Year Plan which recognises the accelaration in the growth rate cannot take place without tapping into the opportunities offered by the international economy in terms of markets, investment and technologies. - Reproduced. |
| 650 ## - SUBJECT ADDED ENTRY--TOPICAL TERM |
| Topical term or geographic name entry element |
Trade |
| 650 ## - SUBJECT ADDED ENTRY--TOPICAL TERM |
| Topical term or geographic name entry element |
International trade |
| 773 ## - HOST ITEM ENTRY |
| Main entry heading |
Yojana |
| 909 ## - |
| -- |
54930 |